Normal view
MARC view
Entry Personal Name
001 - CONTROL NUMBER
- control field: 15722
003 - CONTROL NUMBER IDENTIFIER
- control field: BD-RjUL
005 - DATE AND TIME OF LATEST TRANSACTION
- control field: 20250619121156.0
008 - FIXED-LENGTH DATA ELEMENTS
- fixed length control field: 250619|| aca||aabn | a|a d
040 ## - CATALOGING SOURCE
- Original cataloging agency: BD-RjUL
- Transcribing agency: BD-RjUL
100 ## - HEADING--PERSONAL NAME
- Titles and other words associated with a name: শাহ, রকীব
- Dates associated with a name: ১৯০১-১৯৬৭
670 ## - SOURCE DATA FOUND
- Source citation: Work cat.: (BD-RjUL)85012: আহমদ, কাজী কামাল 15687, সূফী -সাধক-কবি হযরত রকীব শাহ (রঃ) /, ২০১৪